It looks like you're offline.
Open Library logo
additional options menu

MARC Record from Library of Congress

Record ID marc_loc_2016/BooksAll.2016.part33.utf8:39739188:1065
Source Library of Congress
Download Link /show-records/marc_loc_2016/BooksAll.2016.part33.utf8:39739188:1065?format=raw

LEADER: 01065cam a22003137a 4500
001 2005472162
003 DLC
005 20110514081507.0
008 051013s2005 at ab 000 0deng d
010 $a 2005472162
040 $aDPL$cDPL$dBAKER$dDLC
020 $a1741144299 (pbk.)
035 $a(OCoLC)ocm61152994
042 $alccopycat
050 00 $aG440.M365$bM37 2005
082 04 $a1741144299
100 1 $aMartin, Jesse,$d1981-
245 10 $aKijana :$bthe real story /$cJesse Martin with Ed Gannon.
260 $aCrows Nest NSW, Australia :$bAllen & Unwin,$c2005.
300 $axi, 241 p. :$bill. (some col.), maps ;$c23 cm.
500 $a"Sue Hines book."
600 10 $aMartin, Jesse,$d1981-
650 0 $aKijana (Sailboat)
650 0 $aSailing.
650 0 $aSailboat living.
650 0 $aVoyages and travels.
700 1 $aGannon, Ed.
856 42 $3Contributor biographical information$uhttp://www.loc.gov/catdir/enhancements/fy0628/2005472162-b.html
856 42 $3Publisher description$uhttp://www.loc.gov/catdir/enhancements/fy0628/2005472162-d.html